| 000 | 00598nam a2200229Ia 4500 | ||
|---|---|---|---|
| 008 | 210210b2017 xxu||||| |||| 00| 0 eng d | ||
| 020 | _a9789386105240 | ||
| 041 | _aeng | ||
| 082 | _a541.35 TURM | ||
| 100 | _aTURRO (Nicholas J) | ||
| 245 | _aModern molecular photochemistry of organic molecules | ||
| 260 |
_aNew Delhi _bViva Books Private Limited _c2017 |
||
| 300 | _axxxiii,1084 | ||
| 650 | _aphotochemistry | ||
| 650 | _aorganic | ||
| 650 | _amolecules | ||
| 650 | _amolecular | ||
| 650 | _aModern | ||
| 690 | _aPhysical Chemistry | ||
| 700 | _aRAMAMURTHY (V) | ||
| 906 | _a073141 | ||
| 999 |
_c122983 _d122983 |
||